Central Library OPAC University of Rajshahi

The scriptores historiae Augustae / (Record no. 34342)

MARC details
000 -LEADER
fixed length control field 00902cam a22002772 4500
001 - CONTROL NUMBER
control field 34342
003 - CONTROL NUMBER IDENTIFIER
rucl marc code BD-RjUL
005 - DATE AND TIME OF LATEST TRANSACTION
control field 20211209052138.0
008 - FIXED-LENGTH DATA ELEMENTS--GENERAL INFORMATION
fixed length control field 140515r19531921enk b 000 0deng d
035 ## - SYSTEM CONTROL NUMBER
System control number OCLC ocm00685720 from D990421
-- (BD-RjUL)34436
040 ## - CATALOGING SOURCE
Original cataloging agency DLC
Transcribing agency KSU
Modifying agency BD-RjUL
Language of cataloging eng
041 0# - LANGUAGE CODE
Language code of text/sound track or separate title englat
Language code of original lat
051 ## - LIBRARY OF CONGRESS COPY, ISSUE, OFFPRINT STATEMENT
Classification number PA6139
Item number .H7
Copy information Copy 2.
082 ## - DEWEY DECIMAL CLASSIFICATION NUMBER
Classification number 878
Author mark and year SCR V-1 1953
245 14 - TITLE STATEMENT
Title The scriptores historiae Augustae /
Statement of responsibility, etc. with an English translation by David Magie.
Number of part/section of a work Volume I
260 ## - PUBLICATION, DISTRIBUTION, ETC. (IMPRINT)
Place of publication, distribution, etc. London :
Name of publisher, distributor, etc. W. Heinemann ;
Date of publication, distribution, etc. 1921 [Reprinted 1953].
300 ## - PHYSICAL DESCRIPTION
Pagination xxxvii, 493 p. ;
Size 17 cm.
504 ## - BIBLIOGRAPHY, ETC. NOTE
Bibliography, etc Bibliography: v. 2, p. xxxvii-xliv; v. 3, p. vii-x.
650 ## - SUBJECT ADDED ENTRY--TOPICAL TERM
Topical term or geographic name as entry element Emperors Rome
9 (RLIN) 101274
Topical term or geographic name as entry element Roman law
9 (RLIN) 101275
700 1# - ADDED ENTRY--PERSONAL NAME
Personal name Magie, David,
Dates associated with a name 1877-
830 #0 - SERIES ADDED ENTRY--UNIFORM TITLE
Uniform title Loeb classical library.
942 ## - ADDED ENTRY ELEMENTS (KOHA)
Source of classification or shelving scheme Dewey Decimal Classification
Koha item type Books
Holdings
Lost status Source of classification or shelving scheme Damaged status Not for loan Collection code Permanent Location Current Location Shelving location Date acquired Source of acquisition Cost, normal purchase price Total Checkouts Full call number Date last seen Copy number Koha item type
  Dewey Decimal Classification   Not For Loan Non-fiction Central Library, University of Rajshahi Central Library, University of Rajshahi Reading Room 10/03/1955 Simpkin Marshall 15.00   878 SCR V-1 1953 15/05/2014 C-1 Books